[Event "Women's Speed Chess Q4"]
[Site "chess.com INT"]
[Date "2020.06.21"]
[Round "5"]
[White "Danielian, Elina"]
[Black "Mahalakshmi, M"]
[Result "1/2-1/2"]
[WhiteTitle "GM"]
[BlackTitle "WIM"]
[WhiteElo "2407"]
[BlackElo "2253"]
[WhiteFideId "13300210"]
[BlackFideId "5001080"]
[EventDate "2020.06.21"]

1. d4 Nf6 2. Bg5 d5 3. Bxf6 exf6 4. e3 c6 5. g3 Bd6 6. Bg2 O-O 7. Ne2 Bg4 8. O-O
Qd7 9. b3 b5 10. Nd2 b4 11. Re1 a5 12. Qc1 a4 13. c4 bxc3 14. Nxc3 a3 15. Na4
Qc7 16. Qc2 Na6 17. Rac1 Nb4 18. Qb1 g6 19. Nc5 Bf5 20. e4 dxe4 21. Bxe4 Bxe4
22. Ndxe4 Kg7 23. Nd3 Nd5 24. Qc2 Rac8 25. Ndc5 Rfe8 26. Kg2 f5 27. Nc3 Nb4 28.
Qb1 Rxe1 29. Rxe1 Bxc5 30. dxc5 Qd8 31. Rd1 Qf6 32. Qc1 Re8 33. Rd6 Qe5 34. Na4
Qe4+ 35. Kh3 Qg4+ 36. Kg2 Qe4+ 37. Kh3 Nd5 38. Nc3 Qg4+ 39. Kg2 Nb4 40. Qa1 Kg8
41. Qd1 Qxd1 42. Rxd1 Re5 43. Na4 Nxa2 44. Ra1 Nb4 45. Rxa3 Nd3 46. Nb6 Rxc5 47.
Ra8+ Kg7 48. Nc4 Nc1 49. Na5 Rb5 50. Ra6 Nxb3 51. Nxb3 Rxb3 52. Rxc6 Rb2 53. h4
Ra2 54. Rc7 Rb2 55. Rc6 Rd2 56. Rc4 Rb2 57. Rd4 Ra2 58. Rd5 Rc2 59. Rd4 Rc1 60.
Rd3 Ra1 61. Rf3 Ra2 62. Re3 Kf6 63. Rd3 Ra4 64. Rd7 f4 65. g4 Rb4 66. Rd6+ Kg7
67. Kf3 Ra4 68. Rd7 Rb4 69. Re7 Ra4 70. Re4 Ra3+ 71. Kxf4 Rh3 72. h5 gxh5 73.
gxh5 Rxh5 74. Kf3 Ra5 75. Rg4+ Kf6 76. Rh4 Rf5+ 77. Kg2 h5 78. Ra4 Kg5 79. Ra6
f6 80. Ra4 Rb5 81. Rc4 h4 82. Rc8 Rb3 83. Rg8+ Kf5 84. Rh8 Kg4 85. Rg8+ Kf4 86.
Rh8 h3+ 87. Kh2 Rf3 88. Kg1 f5 89. Rh4+ Ke5 90. Rh8 Ke4 91. Re8+ Kf4 92. Rh8 Rb3
93. Rh4+ Kg5 94. Rh8 Kg4 95. Rg8+ Kf4 96. Rh8 Rc3 97. Rg8 Rf3 98. Rh8 Ke4 99.
Rh4+ Kd3 100. Rh8 Ke2 101. Re8+ Kd2 102. Re5 Kd3 103. Re8 h2+ 104. Kxh2 Rxf2+
105. Kg1 Rf4 106. Kg2 Re4 107. Ra8 Ke3 108. Ra3+ Kf4 109. Kf2 Rc4 110. Rf3+ Kg4
111. Rg3+ Kf4 112. Rf3+ Ke4 113. Re3+ Kd4 114. Rf3 Rc2+ 115. Kg3 Ke4 116. Ra3
f4+ 117. Kg4 Rg2+ 118. Kh3 f3 119. Ra4+ Ke3 120. Ra3+ Ke2 121. Ra2+ Kf1 122.
Ra1+ Kf2 123. Ra2+ Ke3 124. Rxg2 fxg2 125. Kxg2 1/2-1/2

[Event "Women's Speed Chess Q4"]
[Site "chess.com INT"]
[Date "2020.06.21"]
[Round "6"]
[White "Girya, Olga"]
[Black "Hoang, Thi Bao Tram"]
[Result "1-0"]
[WhiteTitle "WGM"]
[BlackTitle "WGM"]
[WhiteElo "2469"]
[BlackElo "2288"]
[WhiteFideId "4195752"]
[BlackFideId "12401102"]
[EventDate "2020.06.21"]

1. d4 d5 2. c4 c6 3. Nf3 Nf6 4. e3 Bf5 5. Nc3 e6 6. Nh4 Be4 7. f3 Bg6 8. Qb3 Qc7
9. Bd2 Nbd7 10. cxd5 exd5 11. Rc1 Bd6 12. Nb5 a6 13. Nxc7+ 1-0

[Event "Women's Speed Chess Q4"]
[Site "chess.com INT"]
[Date "2020.06.21"]
[Round "6"]
[White "Ouellet, Maili-Jade"]
[Black "Alexanian, Nelli"]
[Result "1-0"]
[WhiteTitle "WGM"]
[BlackTitle "WIM"]
[WhiteElo "2257"]
[BlackElo "1986"]
[WhiteFideId "2620472"]
[BlackFideId "4170539"]
[EventDate "2020.06.21"]

1. d4 d5 2. c4 e6 3. cxd5 exd5 4. Nc3 c5 5. Nf3 Nc6 6. g3 Nf6 7. Bg2 cxd4 8.
Nxd4 Bc5 9. Nb3 Bb4 10. O-O Be6 11. Bg5 Bxc3 12. bxc3 O-O 13. Rb1 Bf5 14. Rb2
Be4 15. Bxe4 dxe4 16. Qxd8 Rfxd8 17. Nc5 b6 18. Bxf6 bxc5 19. Bxd8 Rxd8 20. Rfb1 1-0

[Event "Women's Speed Chess Q4"]
[Site "chess.com INT"]
[Date "2020.06.21"]
[Round "6"]
[White "Goltseva, Ekaterina"]
[Black "Cholleti, Sahajasri"]
[Result "1/2-1/2"]
[WhiteTitle "FM"]
[BlackTitle "WIM"]
[WhiteElo "2306"]
[BlackElo "2235"]
[WhiteFideId "24173770"]
[BlackFideId "5045118"]
[EventDate "2020.06.21"]

1. d4 Nf6 2. c4 e6 3. g3 d5 4. Bg2 Be7 5. Nf3 O-O 6. Nc3 dxc4 7. Ne5 Nc6 8. Bxc6
bxc6 9. Nxc6 Qe8 10. Nxe7+ Qxe7 11. Qa4 c5 12. dxc5 Qxc5 13. Be3 Qc7 14. f3 Nd5
15. Nxd5 exd5 16. Bd4 Qe7 17. Kf2 Re8 18. e3 a5 19. Qc2 a4 20. a3 Bd7 1/2-1/2

[Event "Women's Speed Chess Q4"]
[Site "chess.com INT"]
[Date "2020.06.21"]
[Round "6"]
[White "Grigoryan, Meri"]
[Black "Koridze, Lile"]
[Result "0-1"]
[WhiteTitle "WFM"]
[BlackTitle "WFM"]
[WhiteElo "2044"]
[BlackElo "1996"]
[WhiteFideId "13300571"]
[BlackFideId "13612514"]
[EventDate "2020.06.21"]

1. d4 Nf6 2. Nf3 d5 3. Bg5 e6 4. e3 Be7 5. c3 O-O 6. Bd3 Nbd7 7. Nbd2 c5 8. O-O
b6 9. Rc1 Bb7 10. Bb1 Ne4 11. Bxe7 Qxe7 12. Nxe4 dxe4 13. Nd2 f5 14. f3 exf3 15.
Nxf3 Nf6 16. Ng5 Ng4 17. Nf3 Nxe3 18. Qe2 Nxf1 19. Rxf1 Rad8 20. Kh1 Bxf3 21.
Rxf3 cxd4 22. cxd4 Rxd4 23. Bxf5 exf5 0-1

[Event "Women's Speed Chess Q4"]
[Site "chess.com INT"]
[Date "2020.06.21"]
[Round "6"]
[White "Stefanova, Antoaneta"]
[Black "Babiy, Olga"]
[Result "1-0"]
[WhiteTitle "GM"]
[BlackTitle "WGM"]
[WhiteElo "2462"]
[BlackElo "2228"]
[WhiteFideId "2902257"]
[BlackFideId "14117258"]
[EventDate "2020.06.21"]

1. d4 d5 2. Bf4 Nf6 3. e3 c5 4. Nf3 Nc6 5. Nbd2 Bg4 6. c3 e6 7. Bb5 Qb6 8. Qa4
Bxf3 9. Nxf3 cxd4 10. cxd4 a6 11. Bxc6+ bxc6 12. O-O Nd7 13. Rfc1 Rc8 14. Rc2 f6
15. Rac1 c5 16. dxc5 Rxc5 17. Rxc5 Bxc5 18. b4 Be7 19. Rc8+ Bd8 20. Bc7 Qxc7 21.
Rxc7 Bxc7 22. Qc6 1-0

[Event "Women's Speed Chess Q4"]
[Site "chess.com INT"]
[Date "2020.06.21"]
[Round "6"]
[White "Martsynovskaya, Marina"]
[Black "Kiran, Manisha Mohanty"]
[Result "0-1"]
[WhiteTitle "WIM"]
[BlackTitle "WGM"]
[WhiteElo "2046"]
[BlackElo "2168"]
[WhiteFideId "609218"]
[BlackFideId "5019575"]
[EventDate "2020.06.21"]

1. e4 c5 2. Nf3 d6 3. d4 cxd4 4. Nxd4 Nf6 5. Nc3 Nc6 6. Be2 g6 7. O-O Bg7 8. Be3
O-O 9. Qd2 Ng4 10. Nxc6 bxc6 11. Bg5 h6 12. Bf4 e5 13. Bxg4 exf4 14. Bxc8 Rxc8
15. Qxf4 Rb8 16. Rad1 Rxb2 17. Rxd6 Qb8 18. e5 Re8 19. Rd7 Rf8 20. Ne4 Qxe5 21.
Qxe5 Bxe5 22. Rxa7 Rxc2 23. Rd1 Rb8 24. a4 c5 25. g3 c4 26. Nd6 Rd8 27. Ra6 c3
28. Kg2 Rd2 29. Rc1 R2xd6 30. Rxd6 Rxd6 31. f4 Bf6 32. Kf3 Ra6 33. Ra1 c2 34.
Rc1 Rc6 0-1

[Event "Women's Speed Chess Q4"]
[Site "chess.com INT"]
[Date "2020.06.21"]
[Round "6"]
[White "Socko, Monika"]
[Black "Ismayil, Malak"]
[Result "1-0"]
[WhiteTitle "GM"]
[BlackTitle "WCM"]
[WhiteElo "2428"]
[BlackElo "1997"]
[WhiteFideId "1106619"]
[BlackFideId "13412604"]
[EventDate "2020.06.21"]

1. e4 e5 2. Nf3 Nc6 3. Bb5 Bc5 4. O-O Qe7 5. c3 a6 6. Ba4 b5 7. Bb3 d6 8. d4 Bb6
9. Bg5 Nf6 10. Nbd2 O-O 11. d5 Na5 12. Bc2 h6 13. Bh4 Bg4 14. Qe2 g5 15. Bg3 Nh5
16. Qd3 Nb7 17. b4 f5 18. exf5 Bxf5 19. Ne4 Kh8 20. Nfd2 1-0

[Event "Women's Speed Chess Q4"]
[Site "chess.com INT"]
[Date "2020.06.21"]
[Round "6"]
[White "Klinova, Masha"]
[Black "Havanecz, Bianka"]
[Result "0-1"]
[WhiteTitle "IM"]
[BlackTitle "WIM"]
[WhiteElo "2275"]
[BlackElo "2251"]
[WhiteFideId "2802015"]
[BlackFideId "704814"]
[EventDate "2020.06.21"]

1. e4 e5 2. Nf3 Nc6 3. Bc4 Bc5 4. d3 Nf6 5. O-O O-O 6. Bb3 a5 7. c3 b5 8. a4 b4
9. Nbd2 d6 10. h3 h6 11. Nc4 Be6 12. Ne3 Bb6 13. Nd5 Bxd5 14. exd5 Ne7 15. c4
Nf5 16. Qe2 Ng3 17. Qe1 Nxf1 18. Qxf1 Qd7 19. Qe2 Rae8 20. Bc2 Nh7 21. Be3 Bxe3
22. fxe3 f5 23. Rf1 c6 24. dxc6 Qxc6 25. b3 d5 26. Nh4 f4 27. exf4 exf4 28. Qh5
dxc4 29. dxc4 Ng5 30. Ng6 Rf6 31. h4 Ne4 32. Nxf4 Ng3 33. Qg4 Nxf1 34. Kxf1 Ref8
35. g3 Qh1+ 36. Kf2 Qh2+ 0-1

[Event "Women's Speed Chess Q4"]
[Site "chess.com INT"]
[Date "2020.06.21"]
[Round "6"]
[White "Bivol, Alina"]
[Black "Cyfka, Karina"]
[Result "0-1"]
[WhiteTitle "WGM"]
[BlackTitle "IM"]
[WhiteElo "2386"]
[BlackElo "2411"]
[WhiteFideId "4100123"]
[BlackFideId "1122681"]
[EventDate "2020.06.21"]

1. c4 c5 2. g3 Nc6 3. Bg2 g6 4. Nc3 Bg7 5. Nf3 e5 6. O-O Nge7 7. Ne1 d6 8. Nc2
O-O 9. Ne3 Be6 10. a3 Qd7 11. d3 Bh3 12. Ned5 Bxg2 13. Kxg2 Nxd5 14. Nxd5 Ne7
15. Nxe7+ Qxe7 16. Rb1 f5 17. b4 b6 18. bxc5 dxc5 19. a4 e4 20. a5 bxa5 21. Qa4
exd3 22. exd3 Rad8 23. Rd1 f4 24. Bxf4 g5 25. Be3 Rxd3 26. Qc6 Rxe3 27. fxe3
Qxe3 28. Rd7 Qe2+ 29. Kh1 Rf1+ 0-1

[Event "Women's Speed Chess Q4"]
[Site "chess.com INT"]
[Date "2020.06.21"]
[Round "6"]
[White "Tsotsonava, Elene"]
[Black "Mohota, Nisha"]
[Result "0-1"]
[WhiteTitle "WFM"]
[BlackTitle "IM"]
[WhiteElo "2012"]
[BlackElo "2195"]
[WhiteFideId "13615939"]
[BlackFideId "5004330"]
[EventDate "2020.06.21"]

1. e4 e5 2. Nf3 Nc6 3. Bb5 a6 4. Ba4 Nf6 5. O-O Be7 6. c3 Nxe4 7. Re1 Nc5 8.
Bxc6 dxc6 9. Nxe5 Nd3 10. Nxd3 Qxd3 11. Re3 Qd6 12. Qe2 Be6 13. Na3 O-O 14. d4
c5 15. Nc4 Bxc4 16. Qxc4 cxd4 17. Qxd4 Qxd4 18. cxd4 Bf6 19. Rc3 c6 20. Be3 Rfd8
21. Rb3 b5 22. Rc1 Bxd4 23. Rxc6 Bxb2 24. f3 Rd1+ 25. Kf2 Bf6 26. Ra3 a5 27. Rc5
Be7 28. Ke2 Bxc5 29. Bxc5 Rd5 30. Bb4 Re8+ 0-1

[Event "Women's Speed Chess Q4"]
[Site "chess.com INT"]
[Date "2020.06.21"]
[Round "6"]
[White "Sviridova, Vlada"]
[Black "Bodnaruk, Anastasia"]
[Result "0-1"]
[WhiteTitle "WFM"]
[BlackTitle "IM"]
[WhiteElo "2144"]
[BlackElo "2411"]
[WhiteFideId "24109606"]
[BlackFideId "4181751"]
[EventDate "2020.06.21"]

1. d4 Nf6 2. c4 g6 3. Nc3 Bg7 4. e4 d6 5. Nf3 O-O 6. Be2 e5 7. O-O Nc6 8. d5 Ne7
9. Ne1 Nd7 10. Be3 f5 11. f3 f4 12. Bf2 g5 13. Nd3 b6 14. b4 c5 15. dxc6 Nxc6
16. Nb5 Nd4 17. Nxd6 h5 18. Nb5 Nxe2+ 19. Qxe2 g4 20. fxg4 hxg4 21. Qxg4 Nf6 22.
Qe2 Bg4 23. Qc2 Nxe4 24. Rfe1 Bf5 25. Qb3 Nd2 26. Qc3 e4 27. Qxd2 e3 28. Bxe3
fxe3 29. Qxe3 Bxa1 30. Rxa1 Qxd3 31. Qg5+ Bg6 32. h4 Qf5 33. Qg3 Rad8 34. Re1
Rd3 0-1

[Event "Women's Speed Chess Q4"]
[Site "chess.com INT"]
[Date "2020.06.21"]
[Round "6"]
[White "Zhuravleva, Olga"]
[Black "Ambartsumova, Karina"]
[Result "1-0"]
[WhiteTitle "WIM"]
[BlackTitle "IM"]
[WhiteElo "2278"]
[BlackElo "2371"]
[WhiteFideId "4145933"]
[BlackFideId "4166299"]
[EventDate "2020.06.21"]

1. e4 c5 2. Nf3 e6 3. d4 cxd4 4. Nxd4 a6 5. Nc3 b5 6. a3 Qc7 7. Bd3 Bb7 8. O-O
Nf6 9. Kh1 Be7 10. f4 d6 11. Qf3 h5 12. Be3 Nbd7 13. Rae1 Nc5 14. Bg1 Rc8 15.
Qg3 Kf8 16. Qh3 Ng4 17. Nf3 Nxd3 18. cxd3 Bc6 19. Ng5 a5 20. Rc1 Qb7 21. Ne2 b4
22. Nd4 Bd7 23. Rxc8+ Qxc8 24. axb4 axb4 25. Be3 e5 26. Nf5 Bxf5 27. exf5 Qxf5
28. Qf3 Nxe3 29. Qa8+ 1-0

[Event "Women's Speed Chess Q4"]
[Site "chess.com INT"]
[Date "2020.06.21"]
[Round "6"]
[White "Vaishali, R"]
[Black "Tomilova, Elena"]
[Result "1/2-1/2"]
[WhiteTitle "WGM"]
[BlackTitle "WGM"]
[WhiteElo "2393"]
[BlackElo "2353"]
[WhiteFideId "5091756"]
[BlackFideId "4162340"]
[EventDate "2020.06.21"]

1. e4 e6 2. d4 d5 3. Nd2 c5 4. exd5 exd5 5. Ngf3 Nc6 6. Bb5 Qe7+ 7. Be2 Qc7 8.
dxc5 Bxc5 9. Nb3 Be7 10. Bg5 Bxg5 11. Nxg5 Nf6 12. O-O O-O 13. c3 h6 14. Nf3 Re8
15. Re1 Bg4 16. h3 Bh5 17. Nfd4 Bg6 18. Bf3 Rad8 19. Nxc6 bxc6 20. Qd4 Qb6 21.
Qxb6 axb6 22. Nd4 Rxe1+ 23. Rxe1 Rc8 24. Re7 c5 25. Nb5 Rb8 26. a3 Bd3 27. Na7
Kf8 28. Rc7 Bf5 29. Nb5 Bd7 30. a4 Ra8 31. b3 Bxb5 32. axb5 Ra1+ 33. Kh2 Ra3 1/2-1/2

[Event "Women's Speed Chess Q4"]
[Site "chess.com INT"]
[Date "2020.06.21"]
[Round "6"]
[White "Kashlinskaya, Alina"]
[Black "Mahalakshmi, M"]
[Result "1-0"]
[WhiteTitle "IM"]
[BlackTitle "WIM"]
[WhiteElo "2494"]
[BlackElo "2253"]
[WhiteFideId "4198026"]
[BlackFideId "5001080"]
[EventDate "2020.06.21"]

1. d4 Nf6 2. c4 b6 3. f3 g6 4. e4 Bg7 5. Nc3 d6 6. Be3 O-O 7. Qd2 c5 8. d5 a6 9.
Nge2 b5 10. cxb5 axb5 11. Nxb5 Nbd7 12. Nec3 Ba6 13. Be2 Qa5 14. O-O Rfb8 15. a4
Ne8 16. Rfc1 Nc7 17. Nxc7 Qxc7 18. Bxa6 Rxa6 19. Nb5 Qa5 20. Qxa5 Rxa5 21. Bd2
Raxb5 22. axb5 Bxb2 23. Ra7 Bxc1 24. Bxc1 Rxb5 25. Bh6 Rb1+ 26. Kf2 Rb2+ 27. Kg3
Nb6 28. Rxe7 1-0

[Event "Women's Speed Chess Q4"]
[Site "chess.com INT"]
[Date "2020.06.21"]
[Round "6"]
[White "Vidruska, Renate"]
[Black "Tsukerman, Julia"]
[Result "1-0"]
[WhiteTitle "WFM"]
[BlackTitle "WCM"]
[WhiteElo "2045"]
[BlackElo "1523"]
[WhiteFideId "11601841"]
[BlackFideId "2621649"]
[EventDate "2020.06.21"]

1. e4 c5 2. Nf3 d6 3. d4 cxd4 4. Nxd4 Nf6 5. Nc3 a6 6. h3 e5 7. Nde2 Be6 8. g4
g6 9. Bg2 h6 10. Be3 Nbd7 11. Qd2 Qc7 12. O-O-O b5 13. Kb1 Nc5 14. Ng3 Rc8 15.
f4 exf4 16. Bxf4 Rd8 17. Rhf1 b4 18. Nd5 Nxd5 19. exd5 Bd7 20. Rde1+ Be7 21.
Bxh6 Bb5 22. Rxe7+ Qxe7 23. Re1 Rd7 24. Bg5 Qxe1+ 25. Qxe1+ Kf8 26. Bf6 Rg8 27.
Qxb4 g5 28. Be4 Nxe4 29. Nxe4 Rg6 30. c4 Kg8 31. cxb5 axb5 32. Qxb5 1-0

[Event "Women's Speed Chess Q4"]
[Site "chess.com INT"]
[Date "2020.06.21"]
[Round "6"]
[White "Kovacs, Klara"]
[Black "Dordzhieva, Dinara"]
[Result "0-1"]
[WhiteTitle "WIM"]
[BlackTitle "WIM"]
[WhiteElo "2154"]
[BlackElo "2354"]
[WhiteFideId "733210"]
[BlackFideId "24157570"]
[EventDate "2020.06.21"]

1. Nf3 d5 2. g3 g6 3. Bg2 Bg7 4. O-O e5 5. c4 d4 6. d3 Nc6 7. a3 a5 8. b3 Nge7
9. e3 dxe3 10. fxe3 e4 11. Ng5 O-O 12. d4 Nxd4 13. exd4 Qxd4+ 14. Kh1 Qxa1 15.
Bf4 Bf5 16. Nxe4 Rad8 17. Qe2 Qd4 18. Nbd2 Rfe8 19. Bxc7 Rd7 20. Bxa5 Bxe4 21.
Nxe4 f5 22. Bc3 Qd3 23. Qxd3 Rxd3 24. Bxg7 fxe4 25. Bf6 Nf5 26. Re1 e3 27. Bxb7
Rxb3 28. Bd5+ Kf8 29. Bg5 h5 30. Bf4 e2 31. c5 Rd3 32. Bc6 Rd1 33. Bd2 Rxd2 34.
Bxe8 Kxe8 35. Kg2 Nd4 36. a4 Nc2 0-1

[Event "Women's Speed Chess Q4"]
[Site "chess.com INT"]
[Date "2020.06.21"]
[Round "6"]
[White "Zawadzka, Jolanta"]
[Black "Dzagnidze, Nana"]
[Result "0-1"]
[WhiteTitle "WGM"]
[BlackTitle "GM"]
[WhiteElo "2419"]
[BlackElo "2524"]
[WhiteFideId "1122320"]
[BlackFideId "13601903"]
[EventDate "2020.06.21"]

1. e4 c5 2. Nf3 Nc6 3. d4 cxd4 4. Nxd4 Nf6 5. Nc3 d6 6. Bg5 e6 7. Qd2 a6 8.
O-O-O h6 9. Nxc6 bxc6 10. Bf4 d5 11. Be2 Bb4 12. Qe3 Bxc3 13. Qxc3 Nxe4 14. Qxg7
Qf6 15. Qxf6 Nxf6 16. Be5 Ke7 17. h4 Rg8 18. g3 Bb7 19. Rhe1 c5 20. Bf3 Rad8 21.
Rd3 Rd7 22. Rb3 Ng4 23. Bxg4 Rxg4 24. f3 Ra4 25. g4 Rxa2 26. Kb1 Ra4 27. g5 Rxh4
28. Bf6+ Kf8 29. g6 Rf4 30. g7+ Kg8 31. Be5 Rf5 32. Rb6 d4 33. Rg1 Rxe5 34. b4
cxb4 35. Rxb4 Rg5 0-1

[Event "Women's Speed Chess Q4"]
[Site "chess.com INT"]
[Date "2020.06.21"]
[Round "6"]
[White "Buksa, Nataliya"]
[Black "Mamedjarova, Turkan"]
[Result "1/2-1/2"]
[WhiteTitle "IM"]
[BlackTitle "WGM"]
[WhiteElo "2410"]
[BlackElo "2309"]
[WhiteFideId "14123622"]
[BlackFideId "13402005"]
[EventDate "2020.06.21"]

1. d4 d5 2. Nc3 Nf6 3. Bf4 e6 4. Nb5 Na6 5. a4 c6 6. Na3 Bd6 7. e3 Bxf4 8. exf4
Qd6 9. Qc1 O-O 10. Nf3 Ne4 11. c3 b6 12. Bd3 Nc7 13. O-O Ba6 14. Bxa6 Nxa6 15.
Ne5 f6 16. Nd3 Qc7 17. Qe3 Rfe8 18. Rfe1 c5 19. Nb5 Qc6 20. h4 c4 21. Nc1 Nc7
22. Nxc7 Qxc7 23. Ne2 Qf7 24. Ng3 Nxg3 25. Qxg3 Qh5 26. Re3 Qf5 27. Rae1 Re7 28.
Qf3 Rae8 29. R3e2 h5 30. g3 Rb8 1/2-1/2

[Event "Women's Speed Chess Q4"]
[Site "chess.com INT"]
[Date "2020.06.21"]
[Round "6"]
[White "Maltsevskaya, Aleksandra"]
[Black "Mrudul, Dehankar"]
[Result "1-0"]
[WhiteTitle "WGM"]
[BlackTitle "WIM"]
[WhiteElo "2272"]
[BlackElo "2256"]
[WhiteFideId "24174041"]
[BlackFideId "25096990"]
[EventDate "2020.06.21"]

1. e4 c5 2. Nf3 d6 3. d4 cxd4 4. Nxd4 Nf6 5. Nc3 a6 6. g3 e6 7. Bg2 Qc7 8. O-O
Be7 9. Be3 Nc6 10. Qe2 O-O 11. Rae1 Bd7 12. f4 Nxd4 13. Bxd4 Bc6 14. g4 Nd7 15.
g5 e5 16. Be3 exf4 17. Bxf4 Ne5 18. h4 b5 19. h5 Qd8 20. Qe3 f6 21. Nd5 fxg5 22.
Nxe7+ Qxe7 23. Bxg5 Qc7 24. h6 g6 25. Qb3+ Rf7 26. Bf6 Bd7 27. Bxe5 Qc5+ 28. Kh1
Rf8 29. Bh2 Qh5 30. Rxf7 Rxf7 31. Rf1 Be8 32. Qe6 1-0

[Event "Women's Speed Chess Q4"]
[Site "chess.com INT"]
[Date "2020.06.21"]
[Round "6"]
[White "Potapova, Margarita"]
[Black "Berend, Elvira"]
[Result "1-0"]
[WhiteTitle "WIM"]
[BlackTitle "WGM"]
[WhiteElo "2270"]
[BlackElo "2326"]
[WhiteFideId "14126869"]
[BlackFideId "4000510"]
[EventDate "2020.06.21"]

1. d4 Nf6 2. c4 e6 3. Nf3 Bb4+ 4. Nbd2 O-O 5. a3 Be7 6. e4 d6 7. Be2 Nc6 8. O-O
e5 9. d5 Nd4 10. Nxd4 exd4 11. b4 a5 12. Bb2 c5 13. dxc6 bxc6 14. Bxd4 Re8 15.
Re1 Bf8 16. Bf1 Ng4 17. h3 Ne5 18. Nf3 Ng6 19. Bb2 Bb7 20. Qc2 c5 21. Rad1 axb4
22. axb4 cxb4 23. Qb3 Qb6 24. Bd4 Qc6 25. Qb1 Rxe4 26. Rxe4 Qxe4 27. Bd3 Qc6 28.
Qxb4 Nf4 29. Bf1 Nxh3+ 30. Kh2 Nf4 31. Qb5 Qc7 32. Rb1 Bxf3 33. gxf3 Qe7 34. Kg3
Qg5+ 35. Qxg5 1-0

[Event "Women's Speed Chess Q4"]
[Site "chess.com INT"]
[Date "2020.06.21"]
[Round "6"]
[White "Bogumil, Tatiana"]
[Black "Golubeva, Oksana"]
[Result "0-1"]
[WhiteTitle "WGM"]
[BlackTitle "WFM"]
[WhiteElo "2182"]
[BlackElo "2179"]
[WhiteFideId "4110579"]
[BlackFideId "4170164"]
[EventDate "2020.06.21"]

1. Nf3 e6 2. c4 d5 3. b3 b6 4. g3 Bb7 5. Bg2 Nd7 6. Bb2 Ngf6 7. O-O Bd6 8. cxd5
exd5 9. d4 O-O 10. Nc3 Re8 11. e3 Ba6 12. Re1 c6 13. a3 Qe7 14. Nh4 g6 15. Nf3
Rad8 16. Qc2 Rc8 17. Na4 Ne4 18. Nc3 f5 19. Ra2 Rf8 20. Nb1 Bb7 21. Nbd2 Rce8
22. Rc1 Nxf2 23. Nc4 Ng4 24. Nxd6 Qxd6 25. Re1 Nxe3 26. Qd3 Nxg2 27. Rxe8 Rxe8
28. Kxg2 Re4 29. Bc1 Qe7 30. Bf4 Nf6 31. b4 Ng4 32. Ne5 Nf6 33. Rf2 Qe6 34. h3
Kg7 35. Re2 h6 36. h4 Nh5 37. Rf2 Nxf4+ 38. Rxf4 c5 39. bxc5 bxc5 40. Qb3 Qb6
41. Qxb6 axb6 42. Nf3 c4 43. Rxe4 dxe4 0-1

[Event "Women's Speed Chess Q4"]
[Site "chess.com INT"]
[Date "2020.06.21"]
[Round "6"]
[White "Tarleva, Vira"]
[Black "Mkrtchian, Lilit"]
[Result "0-1"]
[WhiteTitle "WFM"]
[BlackTitle "IM"]
[WhiteElo "2030"]
[BlackElo "2388"]
[WhiteFideId "14116693"]
[BlackFideId "13300601"]
[EventDate "2020.06.21"]

1. e4 c5 2. Nf3 Nc6 3. d4 cxd4 4. Nxd4 e6 5. Nc3 d6 6. g3 Nf6 7. Bg2 Bd7 8. Nb3
Be7 9. O-O O-O 10. Be3 a6 11. a4 Na5 12. Nxa5 Qxa5 13. Qd4 Rac8 14. Qb6 Qxb6 15.
Bxb6 Bc6 16. Rad1 Nd7 17. Be3 b5 18. axb5 axb5 19. Bf4 Ne5 20. Ra1 g5 21. Bxg5
Bxg5 22. f4 Bf6 23. fxe5 Bxe5 24. Nd1 b4 25. c3 Bb5 26. Rf3 Ra8 27. Rc1 Rfc8 28.
g4 Ra2 29. Kf2 bxc3 30. Nxc3 Rxb2+ 31. Kg1 Rb3 32. Ne2 Rxc1+ 33. Nxc1 Rb1 0-1

[Event "Women's Speed Chess Q4"]
[Site "chess.com INT"]
[Date "2020.06.21"]
[Round "6"]
[White "Turova, Irina"]
[Black "Sedina, Elena"]
[Result "1-0"]
[WhiteTitle "IM"]
[BlackTitle "IM"]
[WhiteElo "2381"]
[BlackElo "2299"]
[WhiteFideId "4120876"]
[BlackFideId "812153"]
[EventDate "2020.06.21"]

1. d4 d5 2. c4 c6 3. e3 Nf6 4. Nc3 g6 5. Nf3 Bg7 6. h3 O-O 7. Bd3 c5 8. O-O cxd4
9. Nxd4 e5 10. Nb3 Nc6 11. cxd5 Nxd5 12. e4 Ndb4 13. Bc4 Nd4 14. Nd5 Nxd5 15.
Bxd5 Qe7 16. Be3 Nxb3 17. Qxb3 Kh8 18. Rac1 Rd8 19. Bxf7 b6 20. Bd5 Rb8 21. Rfd1
Ba6 22. Qa4 Be2 23. Rd2 b5 24. Qxa7 Qxa7 25. Bxa7 Ra8 26. Bxa8 Rxd2 27. Rc8+ Bf8
28. Rxf8+ Kg7 29. Rb8 Rxb2 30. a3 Ra2 31. Bc5 Ra1+ 32. Kh2 Bd3 33. Bd5 1-0

[Event "Women's Speed Chess Q4"]
[Site "chess.com INT"]
[Date "2020.06.21"]
[Round "6"]
[White "Goryachkina, Aleksandra"]
[Black "Hejazipour, Mitra"]
[Result "1/2-1/2"]
[WhiteTitle "GM"]
[BlackTitle "WGM"]
[WhiteElo "2582"]
[BlackElo "2300"]
[WhiteFideId "4147103"]
[BlackFideId "12505951"]
[EventDate "2020.06.21"]

1. e4 c5 2. Nf3 d6 3. c3 Nf6 4. Be2 Nc6 5. d4 e6 6. Nbd2 cxd4 7. cxd4 Be7 8. O-O
O-O 9. Bd3 e5 10. Nb3 Bg4 11. d5 Nb4 12. Bb1 a5 13. a3 Na6 14. Be3 Nd7 15. h3
Bh5 16. Nbd2 Nac5 17. Bc2 a4 18. Qe2 Qa5 19. Rfc1 Rfc8 20. Qf1 b5 21. Ne1 b4 22.
axb4 Qxb4 23. Nd3 Nxd3 24. Bxd3 Nc5 25. Rc4 Qxb2 26. Rb1 Qa3 27. Bc2 Rcb8 28.
Ra1 Qb2 29. Rb1 Qa3 30. Ra1 Qb2 31. Rb1 Qa3 1/2-1/2